| 000 | 00420nam a2200145Ia 4500 | ||
|---|---|---|---|
| 008 | 220204s9999 xx 000 0 und d | ||
| 082 |
_a582 _bSWI |
||
| 100 | _aSWINGLE, Deane B | ||
| 245 | 0 | _aText book of systematic botany. | |
| 250 | _aEd.3 | ||
| 260 |
_aNew York _bMcGraw Hill _c1946 |
||
| 490 | _aMcGraw Hill publications in the botanical sciences. Ed by Edmund Sinnot | ||
| 650 | _aSystematic botany | ||
| 942 | _cBK | ||
| 999 |
_c23616 _d23616 |
||